| 000 | 01350nam a22002417a 4500 | ||
|---|---|---|---|
| 005 | 20241218160847.0 | ||
| 010 | _aB-760563-577 07/24,CHHN B-761475 | ||
| 020 |
_c350.00 _a9788187775742 |
||
| 035 | _aB-760563-577 | ||
| 035 | _aB-761475 | ||
| 037 | _bआकाशदीप पब्लिकेशंस | ||
| 037 | _bउपहार | ||
| 082 | _a500 | ||
| 100 |
_aप्रकाश मनु _975407 |
||
| 245 |
_aविज्ञान का रोचक संसार / _cप्रकाश मनु एवं सुनीता |
||
| 260 |
_aनई दिल्ली _bआकाशदीप पब्लिकेशंस _c2023 |
||
| 270 |
_a1/1079 ई, महरौली, _bनई दिल्ली _e110030 |
||
| 300 |
_a72पृ: _c25सेमी(सजिल्द) _bसचित्र |
||
| 700 |
_aसुनीता _971113 |
||
| 942 |
_2ddc _cCH _h500 _mप्रकाश |
||
| 999 |
_c205589 _d205589 |
||